000 01387cam a22002054a 4500
005 20250605164041.0
008 250528s ||||||||||||||||||||||||d
035 _a16978
020 _a140219749
040 _aGR-AtMCL
_bgre
_dGR-AtMCL
_eAACR2
245 1 _aClass in a Capitalist Society / A Study of Contemporary Britain
260 _bPenguin Books,
_c1975
300 _a432
520 _aPreface, List of Tables, Themes and Issues, Inequalities of Condition and Security, Affluence and Inequality, Trends in Income Inequality, Determinants of Income Inequality, Taxation and Welfare Provision, The Labour Market: Occupational Earnings, Women in the Labour Market, Capital: The Ownership of Property, Conclusions and Implications, Inequality of Power, Private Business and Managerialism, The State and the Public Services, State Economic Activity and Private Business, Power and Pluralism, Inequalities of Opportunitiy, Social Mobility: Significance and Measurement, Patterns of Social Mobility, Trends of Mobility and Educational Opportunity, Acquiescence and Dissent: Responses to Inequality, From Class in Itself to Class for Itself: Main Lines of Division, The Challenge from Labour: Inhibitions and Prospects, Index of Subjects and Names.
700 1 _aResler Henrietta
_93101
700 1 _aWestergaard John
_93102
942 _cBK
999 _c2421
_d2421